Mineral processing and extractive metallurgy review.

Bibliographic Details
Uniform Title:Mineral processing and extractive metallurgy review (Online)
Format: Journal
Language:English
Published: Philadelphia, PA : Taylor and Francis, Inc.
Subjects:
Online Availability: Check for online availability

MARC

Tag First Indicator Second Indicator Subfields
LEADER 00000cas a22000007a 4500
001 in00002092421
005 20151102165016.0
006 m d
007 cr cnu--------
008 031203c20029999pauqr1pss 0 a0eng c
010 |a  2003215713 
022 0 |a 1547-7401  |y 0882-7508 
029 1 |a OCLCS  |b 9133 
035 |a (OCoLC)ocm53826990 
037 |b Taylor and Francis, Inc., 325 Chesnut Street, Ste. 800, Philadelphia, PA 19106 
040 |a NSD  |c NSD  |d OCL  |d OCLCQ  |d TXA  |d UtOrBLW 
042 |a nsdp  |a lcd 
049 |a TXAM 
050 1 4 |a TN496  |b .M56 Electronic 
082 1 0 |a 621  |2 13 
130 0 |a Mineral processing and extractive metallurgy review (Online) 
222 0 |a Mineral processing and extractive metallurgy review  |b (Online) 
245 1 0 |a Mineral processing and extractive metallurgy review. 
264 1 |a Philadelphia, PA :  |b Taylor and Francis, Inc. 
310 |a Quarterly 
336 |a text  |b txt  |2 rdacontent 
337 |a computer  |b c  |2 rdamedia 
338 |a online resource  |b cr  |2 rdacarrier 
500 |a Description based on: Volume 4, number 1 (Jan.-Mar. 2003); title from title screen. 
530 |a Also issued in print. 
538 |a Mode of access: World Wide Web. 
500 |a Electronic resource. 
650 0 |a Ore-dressing  |v Periodicals. 
650 0 |a Metallurgy  |v Periodicals. 
776 1 |t Mineral processing and extractive metallurgy review  |x 0882-7508  |w (DLC) 86643650  |w (OCoLC)53826990 
948 |a cataloged  |b h  |c 2005/12/12  |d c  |e pbump 
994 |a C0  |b TXA 
999 |a MARS 
999 f f |s 1d54dd06-cecd-3726-bc1a-b1e182ad4d1a  |i 53348432-07df-36b7-899b-1bb9379ed67b  |t 0 
952 f f |a Texas A&M University  |b College Station  |c Electronic Resources  |d Available Online  |t 0  |e TN496 .M56  |g Electronic  |h Library of Congress classification 
998 f f |a TN496 .M56  |t 0  |l Available Online